Football : Cristiano Ronaldo - Statistiques

Statistiques générales
  • Ce quiz a été pris 333 fois
  • Le résultat moyen est 13 sur 15
Statistiques - réponses
Questions Réponses % Correct
En quelle année Cristiano Ronaldo remporte-t-il son premier Ballon d'Or ainsi que sa première Champions League ? 2008
97%
A l'été 2009, quel club rejoint-il pour atteindre le sommet de son art aux côtés de Benzema ? Réal Madrid
97%
Dans quel club s'est-il révélé au sein de l'année 2002 ? Sporting Portugal
97%
Combien de Ligue des Champions a-t-il remporté au long de sa carrière ? 5
96%
Quelle équipe rejoint-il après 9 ans passé sous les couleurs des merengues ? Juventus Turin
94%
Quel club saoudien a-t-il alors rejoint en 2022 ? Al Nassr
92%
Contre quelle gardien a-t-il inscrit une sublime retournée acrobatique, ovationnée par tout le stade ? Gianluigi Buffon
92%
Quel latéral brésilien s'entendait particulièrement bien avec Ronaldo sur le terrain et en dehors ? Marcelo
92%
Quelle pays "surprise" a battu le Portugal en quart de finale de la Coupe du Monde 2022 ? Maroc
90%
Quelle nouvelle compétition remporte-t-il avec le Portugal en 2019 ? Ligue des Nations
87%
Dans quelle île portugaise Cristiano Ronaldo est-il né ? Madère
85%
Alors sorti sur blessure, quel joueur vient marquer le but de la victoire face à la France lors de la finale de l'Euro 2016 ? Eder
83%
Quel entraîneur écossais est tombé sous le charme de ce jeune joueur lors d'une rencontre amicale avec Manchester United ? Alex Ferguson
80%
Quel entraîneur néerlandais l'a mis sur le banc lors de son deuxième passage à Manchester United ? Erik Ten Hag
73%
Quel joueur surnommé "l'Aigle des Açores" a-t-il dépassé en nombre de buts pour la Seleçao ? Pedro Miguel Pauleta
52%
Aucun quiz correspondant
Distribution des résultats
% des personnes avec chaque résultat
Percentile par nombre de réponses
Votre historique - résultats
Vous n’avez pas pris ce quiz